[Event "Sharjah Ramadan op rapid"]
[Site "Sharjah"]
[Date "2019.05.14"]
[Round "3"]
[White "Abid, Ali Mujawar"]
[Black "Soud, Jaber"]
[Result "1-0"]
[WhiteElo "1850"]
[BlackElo "1351"]
[PlyCount "59"]
[EventDate "2019.05.13"]
[EventType "swiss (rapid)"]
[EventRounds "9"]
[EventCountry "UAE"]
[SourceTitle "CBM 190 Extra"]
[Source "ChessBase"]
[SourceDate "2019.07.15"]
[SourceVersion "1"]
[SourceVersionDate "2019.07.15"]
[SourceQuality "1"]

1. e4 e5 2. Nf3 Nc6 3. Bc4 Nf6 4. Nc3 Nxe4 5. Nxe4 d5 6. Bd3 dxe4 7. Bxe4 f5 8. Bxc6+ bxc6 9. Nxe5 Qd5 10. Qh5+ Ke7 11. d4 g6 12. Nxg6+ hxg6 13. Qxh8 Qxg2 14. Qe5+ Kf7 15. Bg5 Qxh1+ 16. Kd2 Qxa1 17. Qf6+ Ke8 18. Qxc6+ Kf7 19. Qf6+ Ke8 20. Qxg6+ Kd7 21. Qxf5+ Kc6 22. Qf3+ Kb6 23. Qb3+ Ka5 24. Ke2 Ba6+ 25. c4 Bxc4+ 26. Qxc4 Qxb2+ 27. Bd2+ Bb4 28. Qxc7+ Ka4 29. Qc6+ Ka3 30. Qa6+ 1-0

[Event "New Delhi Parsvnath op-A 17th"]
[Site "New Delhi"]
[Date "2019.01.09"]
[Round "1"]
[White "Visakh, Narayanan Rajeswari"]
[Black "Abid, Ali Mujawar"]
[Result "1-0"]
[WhiteElo "2486"]
[BlackElo "1926"]
[PlyCount "73"]
[EventDate "2019.01.09"]
[EventType "swiss"]
[EventRounds "10"]
[EventCountry "IND"]
[SourceTitle "CBM 188 Extra"]
[Source "ChessBase"]
[SourceDate "2019.02.26"]
[SourceVersion "1"]
[SourceVersionDate "2019.02.26"]
[SourceQuality "1"]

1. e4 c5 2. Nf3 d6 3. Bb5+ Nc6 4. 0-0 Nf6 5. Re1 Bd7 6. c3 e6 7. d4 cxd4 8. cxd4 a6 9. Bxc6 bxc6 10. e5 Nd5 11. Nbd2 Qc7 12. Nc4 dxe5 13. dxe5 Bc5 14. Ng5 0-0 15. Qd3 f5 16. exf6 Nxf6 17. Be3 Bb4 18. Red1 h6 19. Ne4 Nd5 20. Bd4 Rae8 21. Be5 Qa7 22. Qg3 Re7 23. a3 Bc5 24. b4 Bxf2+ 25. Nxf2 Ref7 26. Bd4 Qa8 27. Ng4 Nf4 28. Kh1 c5 29. Nxh6+ Kh7 30. Nxf7 Rxf7 31. Ne5 cxd4 32. Nxf7 Nxg2 33. Ng5+ Kg8 34. Qf3 Bc6 35. Qf7+ Kh8 36. Qh5+ Kg8 37. Qh7+ 1-0